Animales más letales - Estadísticas

Estadísticas generales
  • Esta prueba ha sido intentada 57 veces
  • La puntuación promedio es 3 de 10
Estadísticas de respuestas
Síntomas Espécie Animal % Correcto
Muerte en 5 minutos Invertebrado Marino Pulpo de anillos azules
58%
Paro Cardíaco Amfibio Rana Dardo Dorada
46%
Muerte por Parálisis Arácnido Escorpión Amarillo
35%
Paro Respiratório Invertebrado Marino Caracol Cono
27%
Insuficiencia Cardíaca Invertebrado Marino Avispa de mar
23%
Muerte Rápida Pez Pez Piedra
23%
Muerte en 45 minutos Reptil Taipán
21%
Muerte en 20 minutos Arácnido Araña Violinista
17%
Hemorrágia Interna Anélido Gusano de la muerte
6%
Muerte por Asfixia Arácnido Araña Brasileña
2%
No se encontraron pruebas coincidentes
Distribución de puntuación
Porcentaje de gente con cada puntuación
Porcentaje por número respondido
Historial de tus puntuaciones
No has intentado esta prueba.